[Event "Turkish Women-ch Arzum 2022"]
[Site "Ayvalik"]
[Date "2022.03.08"]
[Round "5.15"]
[White "Gur, Tuba"]
[Black "Zengin, Ovgu"]
[Result "0-1"]
[WhiteElo "1750"]
[BlackElo "1475"]
[Annotator "NA"]
[PlyCount "94"]
[EventDate "2022.03.04"]
[EventType "swiss"]
[EventCountry "TUR"]
[SourceTitle "playchess.com"]
[Source "ChessBase"]
[SourceQuality "1"]
[TimeControl "5400+30"]

1. d4 {[%emt 0:01:00]} d5 {[%emt 0:01:00]} 2. Nf3 {[%emt 0:00:00]} Nf6 {[%emt 0:00:30]} 3. e3 {[%emt 0:00:00]} e6 {[%emt 0:00:30]} 4. Bd3 {[%emt 0:00:00]} Be7 {[%emt 0:00:30]} 5. b3 {[%emt 0:00:00]} c5 {[%emt 0:02:30]} 6. Bb2 {[%emt 0:00:30]} b6 {[%emt 0:01:30]} 7. O-O {[%emt 0:00:30]} O-O {[%emt 0:02:30]} 8. Nbd2 {[%emt 0:00:30]} Ba6 {[%emt 0:00:30]} 9. c4 {[%emt 0:02:30]} Nc6 {[%emt 0:05:30]} 10. Ne5 {[%emt 0:06:30]} Nxe5 {[%emt 0:05:30]} 11. dxe5 {[%emt 0:00:00]} Nd7 {[%emt 0:02:30]} 12. Qc2 {[%emt 0:02:00]} h6 {[%emt 0:10:30]} 13. cxd5 {[%emt 0:00:30]} Bxd3 {[%emt 0:00:30]} 14. Qxd3 {[%emt 0:00:00]} exd5 {[%emt 0:02:30]} 15. Nf3 {[%emt 0:02:00]} c4 {[%emt 0:06:30]} 16. bxc4 {[%emt 0:00:30]} dxc4 {[%emt 0:00:30]} 17. Qxc4 {[%emt 0:00:00]} Rc8 {[%emt 0:01:30]} 18. Qg4 {[%emt 0:03:00]} Nc5 {[%emt 0:04:30]} 19. Nd4 {[%emt 0:02:30]} Kh8 {[%emt 0:11:30]} 20. Rfd1 {[%emt 0:11:30]} Qc7 {[%emt 0:03:30]} 21. Nf5 {[%emt 0:17:30]} Ne6 {[%emt 0:01:30]} 22. Rac1 {[%emt 0:00:30]} Qb7 {[%emt 0:00:30]} 23. Nd6 {[%emt 0:04:30]} Bxd6 {[%emt 0:01:30]} 24. exd6 {[%emt 0:00:00]} Rxc1 {[%emt 0:01:30]} 25. Rxc1 {[%emt 0:00:00]} Qd5 {[%emt 0:02:30]} 26. Rd1 {[%emt 0:06:30]} Qxa2 {[%emt 0:02:30]} 27. Be5 {[%emt 0:00:30]} Qc2 {[%emt 0:05:30]} 28. f4 {[%emt 0:03:30]} f6 {[%emt 0:03:30]} 29. Ba1 {[%emt 0:01:30]} Qb3 {[%emt 0:01:30]} 30. Qe2 {[%emt 0:11:30]} Nc5 {[%emt 0:01:19]} 31. Bd4 {[%emt 0:05:30]} Ne4 {[%emt 0:01:38]} 32. Ra1 {[%emt 0:01:30]} Nxd6 {[%emt 0:01:53]} 33. Rxa7 {[%emt 0:00:30]} Nb5 {[%emt 0:00:55]} 34. Rd7 {[%emt 0:00:32]} Rc8 {[%emt 0:03:45]} 35. Qg4 {[%emt 0:04:27]} Qb1+ {[%emt 0:06:52]} 36. Kf2 {[%emt 0:00:36]} Rg8 {[%emt 0:00:17]} 37. Bxb6 {[%emt 0:01:58]} Nc3 {[%emt 0:01:52]} 38. Qe6 {[%emt 0:03:55]} Qc2+ {[%emt 0:01:17]} 39. Kf3 {[%emt 0:02:36]} Qe2+ {[%emt 0:00:30]} 40. Kg3 {[%emt 0:00:02]} Qe1+ {[%emt 0:00:47]} 41. Kh3 {[%emt 0:00:39]} Ne2 {[%emt 0:00:38]} 42. Bc7 {[%emt 0:04:52]} Ng1+ {[%emt 0:01:03]} 43. Kg4 {[%emt 0:00:04]} Qe2+ {[%emt 0:00:37]} 44. Kg3 {[%emt 0:02:46]} h5 {[%emt 0:00:54]} 45. h4 {[%emt 0:01:25]} Qe1+ {[%emt 0:00:30]} 46. Kh2 {[%emt 0:00:30]} Ne2 {[%emt 0:00:30]} 47. f5 {[%emt 0:00:30]} Qxh4# {[%emt 0:00:50]} 0-1

[Event "Turkish Women-ch Arzum 2022"]
[Site "Ayvalik"]
[Date "2022.03.08"]
[Round "5.16"]
[White "Susin, Derya Defne"]
[Black "Incecik, Seyma Zeynep"]
[Result "0-1"]
[WhiteElo "1285"]
[BlackElo "1777"]
[Annotator "NA RC"]
[PlyCount "62"]
[EventDate "2022.03.04"]
[EventType "swiss"]
[EventCountry "TUR"]
[SourceTitle "playchess.com"]
[Source "ChessBase"]
[SourceQuality "1"]
[TimeControl "5400+30"]

1. d4 {[%emt 0:01:00]} d5 {[%emt 0:01:00]} 2. c4 {[%emt 0:00:30]} e6 {[%emt 0:00:30]} 3. Nc3 {[%emt 0:00:00]} Nf6 {[%emt 0:00:00]} 4. Nf3 {[%emt 0:00:00]} c6 {[%emt 0:00:00]} 5. Bf4 {[%emt 0:01:30]} dxc4 {[%emt 0:00:00]} 6. e3 {[%emt 0:06:30]} b5 {[%emt 0:01:00]} 7. Qc2 {[%emt 0:03:30]} Bb4 {[%emt 0:04:30]} 8. Be2 {[%emt 0:04:30]} Nd5 {[%emt 0:00:30]} 9. Bxb8 {[%emt 0:08:30]} Rxb8 {[%emt 0:00:30]} 10. O-O {[%emt 0:00:30]} Bb7 {[%emt 0:01:30]} 11. Ne5 {[%emt 0:03:30]} Bd6 {[%emt 0:01:30]} 12. e4 {[%emt 0:08:30]} Nb4 {[%emt 0:06:30]} 13. Qc1 {[%emt 0:02:30]} Qc7 {[%emt 0:08:30]} 14. f4 {[%emt 0:11:30]} f6 {[%emt 0:06:30]} 15. a3 {[%emt 0:11:30]} Na6 {[%emt 0:03:30]} 16. Ng4 {[%emt 0:03:30]} h5 {[%emt 0:04:30]} 17. Ne5 {[%emt 0:08:30]} fxe5 {[%emt 0:03:30]} 18. fxe5 {[%emt 0:00:00]} Bxe5 {[%emt 0:00:30]} 19. dxe5 {[%emt 0:01:00]} Qxe5 {[%emt 0:00:30]} 20. a4 {[%emt 0:01:30]} Nc5 {[%emt 0:07:30]} 21. Qe3 {[%emt 0:03:10]} Nd7 {[%emt 0:03:30]} 22. axb5 {[%emt 0:06:44]} cxb5 {[%emt 0:02:30]} 23. Rxa7 {[%emt 0:05:12]} Nf6 {[%emt 0:01:30]} 24. Re1 {[%emt 0:04:20]} O-O {[%emt 0:07:30]} 25. Ra5 {[%emt 0:01:20]} Nd5 {[%emt 0:04:30]} 26. Qc5 {[%emt 0:03:41]} Rfc8 {[%emt 0:09:30]} 27. Qxb5 {[%emt 0:00:29]} Qd4+ {[%emt 0:01:30]} 28. Kh1 {[%emt 0:00:23]} Nxc3 {[%emt 0:00:00]} 29. bxc3 {[%emt 0:00:30]} Qf2 {[%emt 0:00:00]} 30. Rb1 {[%emt 0:00:36]} Bxe4 {[%emt 0:00:30]} 31. Qxb8 {[%emt 0:00:11]} Qxg2# {[%emt 0:00:30]} 0-1

[Event "Turkish Women-ch Arzum 2022"]
[Site "Ayvalik"]
[Date "2022.03.08"]
[Round "5.17"]
[White "Akin, Duru"]
[Black "Tanir, Simay"]
[Result "1-0"]
[WhiteElo "1563"]
[BlackElo "1510"]
[Annotator "NA"]
[PlyCount "93"]
[EventDate "2022.03.04"]
[EventType "swiss"]
[EventCountry "TUR"]
[SourceTitle "playchess.com"]
[Source "ChessBase"]
[SourceQuality "1"]
[TimeControl "5400+30"]

1. e4 {[%emt 0:03:00]} e6 {[%emt 0:01:00]} 2. d4 {[%emt 0:00:30]} d5 {[%emt 0:00:30]} 3. Nd2 {[%emt 0:00:00]} Be7 {[%emt 0:00:00]} 4. Ngf3 {[%emt 0:01:00]} Nf6 {[%emt 0:02:00]} 5. e5 {[%emt 0:00:30]} Nfd7 {[%emt 0:00:00]} 6. Bd3 {[%emt 0:01:30]} c5 {[%emt 0:00:00]} 7. c3 {[%emt 0:00:00]} b6 {[%emt 0:01:30]} 8. Qe2 {[%emt 0:01:00]} a5 {[%emt 0:00:30]} 9. O-O {[%emt 0:02:30]} Ba6 {[%emt 0:01:30]} 10. c4 {[%emt 0:04:30]} Nc6 {[%emt 0:06:30]} 11. cxd5 {[%emt 0:04:30]} Bxd3 {[%emt 0:01:30]} 12. Qxd3 {[%emt 0:00:00]} exd5 {[%emt 0:16:30]} 13. e6 {[%emt 0:07:00]} fxe6 {[%emt 0:05:30]} 14. Qb5 {[%emt 0:04:30]} Qc7 {[%emt 0:09:30]} 15. Re1 {[%emt 0:02:30]} O-O {[%emt 0:12:30]} 16. Rxe6 {[%emt 0:02:30]} Bd6 {[%emt 0:00:30]} 17. Nf1 {[%emt 0:11:30]} Rae8 {[%emt 0:03:30]} 18. Rxe8 {[%emt 0:07:30]} Rxe8 {[%emt 0:00:30]} 19. Bg5 {[%emt 0:00:00]} Na7 {[%emt 0:09:30]} 20. Qd3 {[%emt 0:00:00]} cxd4 {[%emt 0:06:30]} 21. Qxd4 {[%emt 0:02:30]} Qc4 {[%emt 0:07:00]} 22. Qxc4 {[%emt 0:01:30]} dxc4 {[%emt 0:00:30]} 23. Rd1 {[%emt 0:00:00]} Re6 {[%emt 0:00:12]} 24. Ne3 {[%emt 0:00:00]} h6 {[%emt 0:04:26]} 25. Nxc4 {[%emt 0:00:30]} Nc8 {[%emt 0:00:52]} 26. Be3 {[%emt 0:07:30]} Kf7 {[%emt 0:04:06]} 27. Nd4 {[%emt 0:04:30]} Rf6 {[%emt 0:01:16]} 28. Nb5 {[%emt 0:00:00]} Ke7 {[%emt 0:00:18]} 29. Nc3 {[%emt 0:01:00]} Re6 {[%emt 0:02:19]} 30. Nd5+ {[%emt 0:06:30]} Kf7 {[%emt 0:00:07]} 31. Ndxb6 {[%emt 0:03:30]} Ndxb6 {[%emt 0:00:36]} 32. Bxb6 {[%emt 0:00:00]} Nxb6 {[%emt 0:00:24]} 33. Nxd6+ {[%emt 0:00:00]} Kf6 {[%emt 0:00:53]} 34. h3 {[%emt 0:02:30]} Re2 {[%emt 0:00:57]} 35. Nb5 {[%emt 0:01:30]} Nc4 {[%emt 0:00:36]} 36. b3 {[%emt 0:00:30]} Ne5 {[%emt 0:00:24]} 37. a4 {[%emt 0:04:09]} Rb2 {[%emt 0:00:34]} 38. Nd4 {[%emt 0:02:13]} g5 {[%emt 0:00:37]} 39. g4 {[%emt 0:01:10]} Nd7 {[%emt 0:02:22]} 40. Rc1 {[%emt 0:00:36]} Ne5 {[%emt 0:00:18]} 41. Rd1 {[%emt 0:03:16]} Nd7 {[%emt 0:00:35]} 42. Nc6 {[%emt 0:01:15]} Nc5 {[%emt 0:00:06]} 43. Nxa5 {[%emt 0:01:43]} Nxb3 {[%emt 0:00:05]} 44. Rd6+ {[%emt 0:00:03]} Kg7 {[%emt 0:01:10]} 45. Rb6 {[%emt 0:00:20]} Ra2 {[%emt 0:00:59]} 46. Nxb3 {[%emt 0:00:21]} Rxa4 {[%emt 0:00:18]} 47. Kg2 {[%emt 0:00:09]} 1-0

[Event "Turkish Women-ch Arzum 2022"]
[Site "Ayvalik"]
[Date "2022.03.08"]
[Round "5.18"]
[White "Yilmaz, Gokcen"]
[Black "Gulceken, Sumeyye"]
[Result "1-0"]
[WhiteElo "1647"]
[BlackElo "1591"]
[Annotator "NA RC"]
[PlyCount "63"]
[EventDate "2022.03.04"]
[EventType "swiss"]
[EventCountry "TUR"]
[SourceTitle "playchess.com"]
[Source "ChessBase"]
[SourceQuality "1"]
[TimeControl "5400+30"]

1. e4 {[%emt 0:01:00]} g6 {[%emt 0:01:00]} 2. d4 {[%emt 0:00:30]} Bg7 {[%emt 0:00:00]} 3. Nf3 {[%emt 0:00:00]} c5 {[%emt 0:00:00]} 4. Nc3 {[%emt 0:00:00]} d6 {[%emt 0:04:30]} 5. Be3 {[%emt 0:00:30]} Qa5 {[%emt 0:05:30]} 6. Qd2 {[%emt 0:03:30]} Bg4 {[%emt 0:02:30]} 7. Nd5 {[%emt 0:21:30]} Qxd2+ {[%emt 0:09:30]} 8. Bxd2 {[%emt 0:02:30]} Bxf3 {[%emt 0:03:30]} 9. gxf3 {[%emt 0:02:30]} Kd8 {[%emt 0:04:30]} 10. dxc5 {[%emt 0:02:30]} dxc5 {[%emt 0:00:30]} 11. O-O-O {[%emt 0:00:30]} Kc8 {[%emt 0:07:30]} 12. Bf4 {[%emt 0:05:30]} Nc6 {[%emt 0:07:30]} 13. Nc7 {[%emt 0:00:30]} e5 {[%emt 0:03:30]} 14. Nxa8 {[%emt 0:04:30]} exf4 {[%emt 0:01:30]} 15. Bh3+ {[%emt 0:00:30]} Kb8 {[%emt 0:00:30]} 16. Rd7 {[%emt 0:00:00]} Kxa8 {[%emt 0:00:30]} 17. Rxf7 {[%emt 0:01:00]} Be5 {[%emt 0:06:30]} 18. Rf8+ {[%emt 0:04:30]} Nb8 {[%emt 0:00:30]} 19. Re8 {[%emt 0:00:30]} Bg7 {[%emt 0:02:30]} 20. Rd1 {[%emt 0:03:30]} Nh6 {[%emt 0:02:30]} 21. Rxh8 {[%emt 0:01:30]} Bxh8 {[%emt 0:00:30]} 22. Rd8 {[%emt 0:00:00]} Bf6 {[%emt 0:03:30]} 23. Re8 {[%emt 0:01:00]} a5 {[%emt 0:01:30]} 24. e5 {[%emt 0:00:30]} Bg5 {[%emt 0:01:30]} 25. e6 {[%emt 0:00:00]} Ka7 {[%emt 0:00:30]} 26. e7 {[%emt 0:00:00]} Bxe7 {[%emt 0:01:30]} 27. Rxe7 {[%emt 0:00:30]} Nc6 {[%emt 0:01:30]} 28. Rxh7 {[%emt 0:00:00]} Ng8 {[%emt 0:00:30]} 29. Rg7 {[%emt 0:00:00]} Nge7 {[%emt 0:00:30]} 30. Bd7 {[%emt 0:00:30]} Nf5 {[%emt 0:02:30]} 31. Bxf5 {[%emt 0:00:30]} gxf5 {[%emt 0:00:00]} 32. h4 {[%emt 0:00:00]} 1-0

[Event "Turkish Women-ch Arzum 2022"]
[Site "Ayvalik"]
[Date "2022.03.08"]
[Round "5.19"]
[White "Yurdakul, Didem Nuray"]
[Black "Olmez, Sude"]
[Result "1-0"]
[WhiteElo "1804"]
[BlackElo "1170"]
[Annotator "NA RC"]
[PlyCount "65"]
[EventDate "2022.03.04"]
[EventType "swiss"]
[EventCountry "TUR"]
[SourceTitle "playchess.com"]
[Source "ChessBase"]
[SourceQuality "1"]
[TimeControl "5400+30"]

{[%evp 8,65,-19,0,9,20,79,72,129,143,119,38,54,47,54,51,253,32767,32767,216,225,236,288,32767,32767,32767,229,32767,32767,32767,146,32767,32767,32767,32767,32767,169,198,197,137,149,153,178,57,117,131,168,127,126,120,322,393,372,235,839,989,1220,918,29996,29997]} 1. e4 {[%emt 0:01:00]} e5 {[%emt 0:01:00]} 2. Nf3 {[%emt 0:00:30]} Nc6 {[%emt 0:00:30]} 3. d4 {[%emt 0:00:30]} exd4 {[%emt 0:00:00]} 4. Bc4 {[%emt 0:00:00]} Bb4+ {[%emt 0:05:00]} 5. c3 {[%emt 0:00:00]} dxc3 {[%emt 0:13:30]} 6. O-O {[%emt 0:00:00]} h6 {[%emt 0:09:30] 6...Nf6 gains popularity.} (6... Nf6 $11) 7. a3 {[%emt 0:01:00]} ({Reject} 7. bxc3 Ba5 $11) 7... Ba5 {[%emt 0:07:30] [#]} (7... Bd6 $142) 8. b4 $1 {[%emt 0:00:30]} ({Of course not} 8. Nxc3 $6 Bxc3 9. bxc3 d6 $11) ({And not} 8. bxc3 Nge7 $17) 8... Bb6 {[%emt 0:00:00] [#]} 9. Nxc3 {[%emt 0:00:30]} (9. Qb3 $1 $18) 9... Nge7 $1 {[%emt 0:01:00]} 10. Bb2 {[%emt 0:05:30] [#]} d6 $146 {[%emt 0:05:30]} ({Predecessor:} 10... O-O 11. Qb3 Nd4 12. Nxd4 Bxd4 13. Rad1 Bxc3 14. Qxc3 {1-0 (14) Bauer,M-Fischer,W (2255) Germany 1998}) 11. Nd5 {[%emt 0:03:30]} Rg8 $2 {[%emt 0:07:30]} (11... Nxd5 $1 $14 12. exd5 Ne5) 12. Nf4 {[%emt 0:05:30]} Kf8 {[%emt 0:12:30]} 13. Qb3 {[%emt 0:02:30]} Qe8 {[%emt 0:00:30]} 14. a4 {[%emt 0:00:30]} a6 {[%emt 0:00:30]} 15. h3 {[%emt 0:01:30]} Rh8 {[%emt 0:04:30]} 16. a5 {[%emt 0:08:30]} Ba7 {[%emt 0:01:30]} 17. e5 {[%emt 0:00:30]} d5 {[%emt 0:06:30]} 18. Nxd5 {[%emt 0:01:30]} Nxd5 {[%emt 0:02:30]} 19. Bxd5 {[%emt 0:00:30]} Be6 {[%emt 0:00:00]} 20. Rad1 {[%emt 0:00:30]} Bxd5 {[%emt 0:03:13]} 21. Rxd5 {[%emt 0:00:30]} Qe6 {[%emt 0:01:36]} 22. Rfd1 {[%emt 0:00:30]} g6 {[%emt 0:03:58]} 23. b5 {[%emt 0:04:30]} (23. R1d3 $18) 23... axb5 {[%emt 0:01:39]} 24. Qxb5 {[%emt 0:01:30]} Kg7 {[%emt 0:00:22] [#]} 25. Bc3 {[%emt 0:00:30]} ({Wrong is} 25. Qxb7 $2 Rhb8 26. Qxc7 Rxb2 $19) (25. Rc1 $1 $16) 25... Rab8 {[%emt 0:01:49]} 26. Nd2 {[%emt 0:02:30]} Rhd8 {[%emt 0:02:10] [#]} 27. Ne4 $1 {[%emt 0:00:30]} Rxd5 {[%emt 0:01:39]} 28. Rxd5 {[%emt 0:00:30]} b6 $2 {[%emt 0:01:40]} (28... Rd8 $16 29. Rxd8 Nxd8) 29. a6 {[%emt 0:01:30]} Rc8 {[%emt 0:02:10]} 30. Qd3 {[%emt 0:04:30]} (30. Rd3 $142) 30... Nb8 $2 {[%emt 0:00:21]} (30... b5 31. Rxb5 (31. Qxb5 Rb8 $16) 31... Rd8) 31. Rd8 {[%emt 0:00:30]} Rxd8 $18 {[%emt 0:01:10]} 32. Qxd8 {[%emt 0:00:00]} Qd7 {[%emt 0:00:29]} 33. e6+ {[%emt 0:00:00]} 1-0

[Event "Turkish Women-ch Arzum 2022"]
[Site "Ayvalik"]
[Date "2022.03.08"]
[Round "5.20"]
[White "Salt, Ilayda"]
[Black "Yazici, Zumral"]
[Result "1-0"]
[WhiteElo "1594"]
[BlackElo "1229"]
[Annotator "NA RC"]
[PlyCount "61"]
[EventDate "2022.03.04"]
[EventType "swiss"]
[EventCountry "TUR"]
[SourceTitle "playchess.com"]
[Source "ChessBase"]
[SourceQuality "1"]
[TimeControl "5400+30"]

1. d4 {[%emt 0:01:00]} d5 {[%emt 0:01:00]} 2. c4 {[%emt 0:00:30]} e6 {[%emt 0:00:30]} 3. Nf3 {[%emt 0:00:30]} a6 {[%emt 0:00:30]} 4. e3 {[%emt 0:00:00]} Nf6 {[%emt 0:01:30]} 5. Nc3 {[%emt 0:00:00]} dxc4 {[%emt 0:08:30]} 6. Bxc4 {[%emt 0:00:00]} b5 {[%emt 0:01:30]} 7. Bd3 {[%emt 0:01:00]} Bb7 {[%emt 0:02:30]} 8. O-O {[%emt 0:00:30]} Be7 {[%emt 0:07:30]} 9. Qe2 {[%emt 0:00:30]} O-O {[%emt 0:16:30]} 10. e4 {[%emt 0:01:30]} c5 {[%emt 0:09:30]} 11. dxc5 {[%emt 0:00:30]} Bxc5 {[%emt 0:01:30]} 12. Bg5 {[%emt 0:01:30]} Be7 {[%emt 0:14:30]} 13. Rfd1 {[%emt 0:02:30]} Nbd7 {[%emt 0:08:30]} 14. Rac1 {[%emt 0:10:30]} Ng4 {[%emt 0:10:38]} 15. Bxe7 {[%emt 0:00:30]} Qxe7 {[%emt 0:00:03]} 16. Bb1 {[%emt 0:01:30]} Nc5 {[%emt 0:02:05]} 17. h3 {[%emt 0:00:30]} Nf6 {[%emt 0:00:38]} 18. e5 {[%emt 0:04:30]} Nd5 {[%emt 0:04:10]} 19. Nxd5 {[%emt 0:00:30]} exd5 {[%emt 0:02:55]} 20. Nd4 {[%emt 0:04:30]} g6 {[%emt 0:01:17]} 21. Qg4 {[%emt 0:01:30]} Ne4 {[%emt 0:02:34]} 22. f3 {[%emt 0:01:30]} h5 {[%emt 0:02:23]} 23. Qf4 {[%emt 0:00:30]} Ng5 {[%emt 0:00:35]} 24. Qg3 {[%emt 0:01:30]} Ne6 {[%emt 0:00:38]} 25. Nf5 {[%emt 0:01:30]} Qd7 {[%emt 0:00:32]} 26. Nd6 {[%emt 0:00:30]} Bc6 {[%emt 0:00:30]} 27. f4 {[%emt 0:00:30]} Nc7 {[%emt 0:00:28]} 28. f5 {[%emt 0:00:30]} Kh8 {[%emt 0:00:31]} 29. fxg6 {[%emt 0:00:30]} Rg8 {[%emt 0:00:31]} 30. Qg5 {[%emt 0:00:30]} fxg6 {[%emt 0:00:49]} 31. Qh6+ {[%emt 0:00:30]} 1-0

[Event "Turkish Women-ch Arzum 2022"]
[Site "Ayvalik"]
[Date "2022.03.08"]
[Round "5.21"]
[White "Akar, Nilay"]
[Black "Oztatar, Meleknaz"]
[Result "1/2-1/2"]
[WhiteElo "1516"]
[BlackElo "1063"]
[Annotator "NA RC"]
[PlyCount "39"]
[EventDate "2022.03.04"]
[EventType "swiss"]
[EventCountry "TUR"]
[SourceTitle "playchess.com"]
[Source "ChessBase"]
[SourceQuality "1"]
[TimeControl "5400+30"]

1. e4 {[%emt 0:01:00]} d5 {[%emt 0:01:00]} 2. exd5 {[%emt 0:00:30]} Qxd5 {[%emt 0:00:00]} 3. Nc3 {[%emt 0:00:00]} Qa5 {[%emt 0:00:00]} 4. d4 {[%emt 0:00:00]} Nf6 {[%emt 0:00:30]} 5. Nf3 {[%emt 0:00:30]} Bf5 {[%emt 0:00:00]} 6. Ne5 {[%emt 0:00:30]} c6 {[%emt 0:00:00]} 7. g4 {[%emt 0:00:30]} Be6 {[%emt 0:00:00]} 8. Bd2 {[%emt 0:02:30]} Qd8 {[%emt 0:17:00]} 9. Be3 {[%emt 0:05:30]} Nbd7 {[%emt 0:03:30]} 10. g5 {[%emt 0:09:30]} Nd5 {[%emt 0:02:30]} 11. Qd2 {[%emt 0:08:30]} Nxc3 {[%emt 0:06:30]} 12. Qxc3 {[%emt 0:00:30]} Bd5 {[%emt 0:00:30]} 13. Rg1 {[%emt 0:03:30]} e6 {[%emt 0:07:30]} 14. Bg2 {[%emt 0:08:30]} a5 {[%emt 0:03:30]} 15. a3 {[%emt 0:08:30]} Bd6 {[%emt 0:09:30]} 16. h4 {[%emt 0:12:30]} Bxe5 {[%emt 0:04:30]} 17. dxe5 {[%emt 0:01:30]} b5 {[%emt 0:05:30]} 18. Bxd5 {[%emt 0:01:30]} cxd5 {[%emt 0:00:30]} 19. Qd4 {[%emt 0:10:30]} Qc7 {[%emt 0:04:30]} 20. f4 {[%emt 0:01:30]} 1/2-1/2

[Event "Turkish Women-ch Arzum 2022"]
[Site "Ayvalik"]
[Date "2022.03.08"]
[Round "5.22"]
[White "Mullakutukcu, Ela"]
[Black "Aydogan, Arya"]
[Result "1/2-1/2"]
[WhiteElo "1154"]
[BlackElo "1328"]
[Annotator "NA"]
[PlyCount "101"]
[EventDate "2022.03.04"]
[EventType "swiss"]
[EventCountry "TUR"]
[SourceTitle "playchess.com"]
[Source "ChessBase"]
[SourceQuality "1"]
[TimeControl "5400+30"]

1. d4 {[%emt 0:01:00]} d5 {[%emt 0:01:00]} 2. Bf4 {[%emt 0:00:00]} Bf5 {[%emt 0:00:30]} 3. e3 {[%emt 0:00:00]} e6 {[%emt 0:00:00]} 4. c4 {[%emt 0:00:30]} dxc4 {[%emt 0:01:00]} 5. Bxc4 {[%emt 0:00:30]} c6 {[%emt 0:00:00]} 6. Qb3 {[%emt 0:01:30]} Qb6 {[%emt 0:01:00]} 7. Nd2 {[%emt 0:01:30]} Nf6 {[%emt 0:04:30]} 8. Ngf3 {[%emt 0:02:30]} Nbd7 {[%emt 0:09:30]} 9. O-O {[%emt 0:02:30]} Qxb3 {[%emt 0:08:30]} 10. Bxb3 {[%emt 0:03:30]} Be7 {[%emt 0:09:30]} 11. Nc4 {[%emt 0:05:30]} O-O-O {[%emt 0:12:30]} 12. Nd6+ {[%emt 0:10:30]} Bxd6 {[%emt 0:01:30]} 13. Bxd6 {[%emt 0:00:30]} Ne4 {[%emt 0:03:30]} 14. Bb4 {[%emt 0:01:30]} Rhe8 {[%emt 0:06:30]} 15. Ba5 {[%emt 0:06:30]} b6 {[%emt 0:01:30]} 16. Bb4 {[%emt 0:00:30]} c5 {[%emt 0:02:30]} 17. Rac1 {[%emt 0:01:30]} Kb7 {[%emt 0:01:30]} 18. Ba3 {[%emt 0:03:30]} h6 {[%emt 0:08:30]} 19. Ba4 {[%emt 0:01:30]} Rg8 {[%emt 0:09:40]} 20. Bxd7 {[%emt 0:04:30]} Rxd7 {[%emt 0:00:58]} 21. dxc5 {[%emt 0:00:00]} bxc5 {[%emt 0:01:45]} 22. Bxc5 {[%emt 0:00:00]} Nd2 {[%emt 0:06:17]} 23. Nxd2 {[%emt 0:04:30]} Rxd2 {[%emt 0:00:14]} 24. Bd4 {[%emt 0:00:30]} f6 {[%emt 0:00:45]} 25. Rfd1 {[%emt 0:02:30]} Rxd1+ {[%emt 0:01:11]} 26. Rxd1 {[%emt 0:00:30]} Rd8 {[%emt 0:00:55]} 27. Rc1 {[%emt 0:00:30]} e5 {[%emt 0:00:51]} 28. Bc3 {[%emt 0:00:00]} Be6 {[%emt 0:02:13]} 29. a3 {[%emt 0:00:00]} g6 {[%emt 0:00:19]} 30. h3 {[%emt 0:01:30]} a6 {[%emt 0:00:48]} 31. Bb4 {[%emt 0:01:30]} f5 {[%emt 0:01:12]} 32. Bc3 {[%emt 0:03:30]} e4 {[%emt 0:00:34]} 33. Bd4 {[%emt 0:01:30]} Rd7 {[%emt 0:02:08]} 34. Rc3 {[%emt 0:02:30]} Rc7 {[%emt 0:01:28]} 35. Rxc7+ {[%emt 0:00:30]} Kxc7 {[%emt 0:00:10]} 36. Kh2 {[%emt 0:00:30]} Bc4 {[%emt 0:00:59]} 37. g4 {[%emt 0:03:30]} fxg4 {[%emt 0:00:45]} 38. hxg4 {[%emt 0:00:30]} Be2 {[%emt 0:00:18]} 39. Kg3 {[%emt 0:00:00]} h5 {[%emt 0:00:26]} 40. gxh5 {[%emt 0:01:00]} gxh5 {[%emt 0:00:10]} 41. Kh4 {[%emt 0:00:30]} Bf3 {[%emt 0:01:14]} 42. Kg5 {[%emt 0:00:30]} Kc6 {[%emt 0:00:22]} 43. Bf6 {[%emt 0:00:30]} Kd5 {[%emt 0:00:40]} 44. Kf4 {[%emt 0:02:30]} Be2 {[%emt 0:00:28]} 45. Kg5 {[%emt 0:02:30]} Bf3 {[%emt 0:00:39]} 46. Kf4 {[%emt 0:00:30]} Be2 {[%emt 0:00:00]} 47. Be7 {[%emt 0:05:30]} Bf3 {[%emt 0:00:21]} 48. Kf5 {[%emt 0:03:30]} Bg4+ {[%emt 0:00:34]} 49. Kf4 {[%emt 0:00:30]} Bf3 {[%emt 0:00:24]} 50. Bf6 {[%emt 0:07:01]} Be2 {[%emt 0:00:22]} 51. Bg7 {[%emt 0:00:23]} 1/2-1/2

[Event "Turkish Women-ch Arzum 2022"]
[Site "Ayvalik"]
[Date "2022.03.08"]
[Round "5.23"]
[White "Turunz, Dilek"]
[Black "Dal, Nurseda"]
[Result "0-1"]
[WhiteElo "1443"]
[BlackElo "1116"]
[Annotator "NA RC"]
[PlyCount "86"]
[EventDate "2022.03.04"]
[EventType "swiss"]
[EventCountry "TUR"]
[SourceTitle "playchess.com"]
[Source "ChessBase"]
[SourceQuality "1"]
[TimeControl "5400+30"]

1. e4 {[%emt 0:01:00]} e5 {[%emt 0:01:00]} 2. Nf3 {[%emt 0:00:30]} Nc6 {[%emt 0:00:30]} 3. d4 {[%emt 0:00:30]} exd4 {[%emt 0:00:30]} 4. Bc4 {[%emt 0:00:00]} Nf6 {[%emt 0:00:00]} 5. e5 {[%emt 0:00:00]} d5 {[%emt 0:00:00]} 6. Bb5 {[%emt 0:00:30]} Ne4 {[%emt 0:00:00]} 7. Nxd4 {[%emt 0:00:00]} Bd7 {[%emt 0:00:00]} 8. Bxc6 {[%emt 0:00:00]} bxc6 {[%emt 0:00:00]} 9. O-O {[%emt 0:00:30]} Bc5 {[%emt 0:00:00]} 10. f3 {[%emt 0:00:00]} Ng5 {[%emt 0:00:30]} 11. f4 {[%emt 0:00:00]} Ne4 {[%emt 0:00:00]} 12. Be3 {[%emt 0:01:30]} Bb6 {[%emt 0:00:00]} 13. Qf3 {[%emt 0:04:30]} O-O {[%emt 0:10:30]} 14. Nb3 {[%emt 0:19:30]} Bg4 {[%emt 0:03:30]} 15. Qxg4 {[%emt 0:04:30]} Bxe3+ {[%emt 0:00:30]} 16. Kh1 {[%emt 0:00:30]} Nf2+ {[%emt 0:00:30]} 17. Rxf2 {[%emt 0:00:30]} Bxf2 {[%emt 0:00:00]} 18. N1d2 {[%emt 0:02:30]} Qh4 {[%emt 0:06:00]} 19. Qf3 {[%emt 0:00:30]} Bb6 {[%emt 0:01:30]} 20. Rf1 {[%emt 0:03:30]} Rae8 {[%emt 0:01:30]} 21. a4 {[%emt 0:01:30]} a5 {[%emt 0:04:30]} 22. Qc3 {[%emt 0:01:30]} Re6 {[%emt 0:03:30]} 23. f5 {[%emt 0:04:30]} Rh6 {[%emt 0:00:30]} 24. h3 {[%emt 0:00:30]} Qxa4 {[%emt 0:10:30]} 25. f6 {[%emt 0:02:30]} gxf6 {[%emt 0:02:30]} 26. exf6 {[%emt 0:04:30]} Rg6 {[%emt 0:01:30]} 27. g3 {[%emt 0:08:30]} Kh8 {[%emt 0:01:30]} 28. Rf4 {[%emt 0:01:30]} Qb5 {[%emt 0:07:30]} 29. Qf3 {[%emt 0:06:30]} a4 {[%emt 0:03:30]} 30. Nd4 {[%emt 0:18:10]} Bxd4 {[%emt 0:00:30]} 31. Rxd4 {[%emt 0:00:02]} Qxb2 {[%emt 0:00:30]} 32. Rxa4 {[%emt 0:02:58]} Qxc2 {[%emt 0:00:30]} 33. Rd4 {[%emt 0:00:11]} Qc1+ {[%emt 0:03:30]} 34. Kg2 {[%emt 0:02:16]} Qe1 {[%emt 0:00:30]} 35. h4 {[%emt 0:02:04]} Rfg8 {[%emt 0:01:30]} 36. Nf1 {[%emt 0:00:13]} Qe6 {[%emt 0:01:30]} 37. Rf4 {[%emt 0:00:12]} Rg4 {[%emt 0:00:30]} 38. Ne3 {[%emt 0:02:17]} Rxg3+ {[%emt 0:00:30]} 39. Qxg3 {[%emt 0:00:00]} Rxg3+ {[%emt 0:00:30]} 40. Kxg3 {[%emt 0:00:29]} Qxe3+ {[%emt 0:00:30]} 41. Rf3 {[%emt 0:00:00]} Qe5+ {[%emt 0:00:00]} 42. Kf2 {[%emt 0:00:00]} Qh2+ {[%emt 0:00:00]} 43. Ke3 {[%emt 0:00:00]} Qxh4 {[%emt 0:00:30]} 0-1